00331nam a2200145Ia 450000500170000000800460001703700180006304000200008104100130010108400090011424500250012326000090014894200070015799900210016420250507130040.0008 250505s9999 xx 000 0 eng d aBound Volumes aEASLbengcEASL aeng2eng qEASL 0aXinhua News Bulleten c2000 cCR c1316999d1316999